Návrh montážneho pracoviska pre montáž tlmičov do motocykla

Saved in:
Bibliographic Details
Main Author: Vrábel, Martin (Author)
Other Authors: Kamenszká, Adriana (Thesis advisor)
Format: Manuscript Book
Language:Slovak
Published: 2021
Subjects:
Online Access:http://is.stuba.sk/zp/portal_zp.pl?podrobnosti=153907
Tags: Add Tag
No Tags, Be the first to tag this record!

MARC

LEADER 00000ntm a22000003a 4500
001 stuzp83925
003 SK-STU
005 20210703212356.4
007 ta
008 150427s2015----xo-----f-mn---000-0-slo-d
040 |a STU  |b slo 
041 0 |a slo 
100 1 |a Vrábel, Martin  |u 063000  |4 aut  |U MTF Materiálovotechnologická fakulta  |T MTF Ústav výrobných technológií  |X 99920  |U M3000  |Y 83  |7 99920 
242 0 1 |a Design of an assembly workplace for the assembly of shock absorbers in a motorcycle  |y eng 
245 1 0 |a Návrh montážneho pracoviska pre montáž tlmičov do motocykla 
260 |c 2021 
650 4 |a montáž  |2 slo 
650 4 |a montážne pracovisko  |2 slo 
650 4 |a tlmič  |2 slo 
650 4 |a odpruženie  |2 slo 
650 4 |a motocykel  |2 slo 
650 4 |a Jawa  |2 slo 
650 4 |a assembly  |2 eng 
650 4 |a shock absorber  |2 eng 
650 4 |a motorcycle  |2 eng 
650 4 |a Jawa  |2 eng 
650 4 |a suspension  |2 eng 
650 4 |a assembly workpace  |2 eng 
700 1 |a Kamenszká, Adriana  |u 063000  |k Z3  |4 ths  |U MTF Materiálovotechnologická fakulta  |T MTF Ústav výrobných technológií  |X 80396  |U M3000  |Y 83  |7 80396 
856 4 |u http://is.stuba.sk/zp/portal_zp.pl?podrobnosti=153907 
996 |c M* BP-9246  |l MMSKP  |s P  |a 0  |w stuzp83925_0001